Country Quiz: Ukraine 🇺🇦 - Statistics

General Stats
  • This quiz has been taken 36 times
  • The average score is 20 of 40
Answer Stats
Hint Answer % Correct
Between 1793-1918, Ukraine was part of this country Russia
100%
In 2022, this country invaded Ukraine, culminating in a war that is still going on - To this day Russia
100%
Russia
100%
Time zones 1 (UTC+2)
91%
From 1922-1990s, Ukraine was part of this union Soviet Union
91%
In 1986, a reactor at this nuclear power station explodes, culminating in radioactive plume across Europe Chernobyl
87%
Independence 1991
83%
Bordering Seas Black sea
83%
Capital Kyiv
83%
Language and Nationality Ukrainian
83%
In 2014, Russia annexed this Ukrainian region, and til this day, the region is still under Russian rule Crimea
78%
Poland
74%
Bordering Countries Belarus
70%
Main Religion Christianity
70%
In 1932, a minimum of seven million peasants died in a man-made ______ due to the union's regime Famine
70%
Romania
70%
Moldova
65%
Slovakia
61%
Hungary
57%
Second-Largest City Kharkiv
57%
Dnipro
52%
Most Famous Leader (2019-) Volodymyr Zelensky
52%
National Sport Football
48%
Independence 1992
39%
Mila Kunis
39%
State-Condition Republic
39%
Wladimir Klitschko
39%
In 2014, this revolution ended with the ousting of this Pro-Russian Ukrainian President, a man who deliberately impeded Ukraine's application for Eu Maidan
30%
Main River Danube
26%
Currency Hryvnia
22%
Main Economic Sector Tertiary / Service
22%
Climate Mixed
17%
Unitary
17%
Milla Jovovich
13%
Viktor Yanukovych
13%
Type of Government Semi-Presidential
9%
National Animal Nightingale
0%
National Dish Red Borscht
0%
Founding Mother Taras Shevchenko
0%
Famous People from the countryMayor of Kiev and former boxing heavyweight champion of the world The brother of the latter who's also a former world heavyweight champion in boxing Hollywood actress (Ted, Family Guy and That 70s Show) Hollywood actress (Resident Evil and Armageddon) Vitaly Klychko
0%
No matching quizzes found
Score Distribution
Percent of People with Each Score
Percentile by Number Answered
Your Score History
You have not taken this quiz